• 首页
  • 本馆介绍
  • 公告通知
  • 最新文献
  • 馆藏检索
  • 电子资源
  • 读者导购
  • 参考咨询
  • 我的图书馆
  • 登录
  • 详细信息显示
  • 放入我的书架
  • 预约/预借图书
  • 作者相关作品
  • 分类相关作品
  • 丛书相关作品
  • 出版社相关作品

书目信息

  • 表格格式
  • 工作单格式
  • 卡片格式
题名:
海岸带地质环境与城市发展论文集
    
 
作者: ;中国地质调查局 编
分册:  
出版信息: 北京   中国大地出版社  2005
页数: 471页
开本: 29cm
丛书名:
单 册:
中图分类: F299.21-53
科图分类:
主题词: 海岸带--地质环境--影响--城市发展--中国--文集 , 海岸带 , 地质环境 , 城市发展
电子资源:
ISBN: 7-80097-784-6
000 01161nam0 2200301 450
001 002989775
005 20070807145334.21
010    @a7-80097-784-6@b精装@dCNY128.00
035    @a002989775
100    @a20050119d2005 emky0chiy0110 ea
101 0  @achi@deng@eeng
102    @aCN@b110000
105    @aab z 000yy
106    @ar
200 1  @a海岸带地质环境与城市发展论文集@Ahai an dai di zhi huan jing yu cheng shi fa zhan lun wen ji@f中国地质调查局编@Fzhong guo di zhi diao cha ju bian
210    @a北京@c中国大地出版社@d2005
215    @a471页@c图,地图@d29cm
312    @a封面英文题名:Collections of coastal geo-environment and urban development
330    @a本文集汇集了近年来国内专家学者和长期在野外一线从事海岸带地质调查工作的技术人员的学术论文近60篇,研究范围覆盖了整个中国海岸带。
510 1  @aCollections of coastal geo-environment urban development@zeng
606 0  @a海岸带@x地质环境@x影响@x城市发展@y中国@j文集
606 0  @a海岸带
606 0  @a地质环境
606 0  @a城市发展
690    @aF299.21-53@v4
711 02 @a中国地质调查局@Azhong guo di zhi diao cha ju@4编
801  0 @aCN@bNLC@c20070807
905    @dF299.21-53@e709@f2
    
    海岸带地质环境与城市发展论文集/中国地质调查局编.-北京:中国大地出版社,2005
    471页:图,地图;29cm
    
    
    ISBN 7-80097-784-6(精装):CNY128.00
    本文集汇集了近年来国内专家学者和长期在野外一线从事海岸带地质调查工作的技术人员的学术论文近60篇,研究范围覆盖了整个中国海岸带。
●
相关链接 在E读中查询图书 在五车中查询图书 在当当中查询图书 在豆瓣中查询图书


正题名:海岸带地质环境与城市发展论文集     索取号:F299.21-53/709         预约/预借

序号 登录号 条形码 馆藏地/架位号 状态 备注
1 0853946   208539465   第一样本阅览室/ [索取号:F299.21-53/709] 在馆    
2 0853947   208539474   第一借阅区/ [索取号:F299.21-53/709] 在馆    
唐山师范学院图书馆 欢迎您!
大连网信软件有限公司© 版权所有